000
00337nam a2200145Ia 4500
008
191201s2008 xx 000 0 und d
082
_a
658
_b
GOT
100
_a
GOPALAKRISHNAN, P
245
0
_a
Textbook of Project Management
250
_a
Rep
260
_a
N.Delhi
_b
Macmillan
_c
2008
300
_a
400
650
_a
MBA
942
_2
ddc
_c
BK
999
_c
3948
_d
3948